[Event "Trophee Roza Lallemand Online"]
[Site "Tornelo INT"]
[Date "2020.12.13"]
[Round "2"]
[White "Yves, Isabelle"]
[Black "Gobeaut, Claudine"]
[Result "0-1"]
[WhiteElo "1075"]
[BlackElo "1393"]
[PlyCount "74"]
[EventDate "2020.12.13"]
[EventType "swiss (rapid)"]
[EventRounds "9"]
[EventCountry "USA"]
[SourceTitle "EXT 2022"]
[Source "ChessBase"]
[SourceDate "2021.10.06"]
[SourceVersion "1"]
[SourceVersionDate "2021.10.06"]
[SourceQuality "1"]

1. d4 d5 2. Nf3 Nf6 3. Bg5 e6 4. e3 Be7 5. Bd3 Nbd7 6. Nbd2 b6 7. c3 Bb7 8. 0-0 h6 9. Ne5 0-0 10. f4 hxg5 11. fxg5 Ne4 12. Nxe4 dxe4 13. Bxe4 Bxe4 14. Qh5 Nxe5 15. Rf4 Bg6 16. Qf3 Nxf3+ 17. Rxf3 Bxg5 18. Raf1 Be4 19. R3f2 Bxe3 20. h3 Bxf2+ 21. Rxf2 f5 22. Kh2 g5 23. Kg1 Qe7 24. Kh1 e5 25. Kg1 exd4 26. cxd4 Qd6 27. Rd2 c5 28. a3 Rad8 29. b4 cxb4 30. axb4 Qxb4 31. Rd1 Rxd4 32. Rf1 Rfd8 33. Kh2 Rd2 34. Rg1 Qb2 35. Kh1 Rd1 36. Kh2 Rxg1 37. Kxg1 Qxg2# 0-1

[Event "La Fere op 7th"]
[Site "La Fere"]
[Date "2008.07.09"]
[Round "6"]
[White "Belloc, Sidonie"]
[Black "Gobeaut, Claudine"]
[Result "1-0"]
[WhiteElo "1804"]
[BlackElo "1548"]
[PlyCount "57"]
[EventDate "2008.07.05"]
[EventType "swiss"]
[EventRounds "9"]
[EventCountry "FRA"]
[SourceTitle "CBM 125 Extra"]
[Source "ChessBase"]
[SourceDate "2008.09.01"]
[SourceVersion "1"]
[SourceVersionDate "2008.09.01"]
[SourceQuality "1"]

1. e4 e5 2. Nf3 Nc6 3. Bc4 h6 4. c3 Nf6 5. d3 Bc5 6. b4 Bb6 7. a4 a6 8. a5 Ba7 9. Qb3 0-0 10. 0-0 d6 11. h3 Qe7 12. Na3 b5 13. axb6 cxb6 14. b5 Na5 15. Qb2 Nxc4 16. Nxc4 a5 17. Be3 Rb8 18. Qa3 Rd8 19. Nfxe5 Bb7 20. Nf3 Qc7 21. Nxa5 Ra8 22. Nxb7 Qxb7 23. Nd4 Rd7 24. Nc6 Ne8 25. Ra2 f6 26. Rfa1 d5 27. Nxa7 Nd6 28. Qb3 Rxa7 29. Rxa7 1-0

[Event "La Fere op 6th"]
[Site "La Fere"]
[Date "2007.07.09"]
[Round "4"]
[White "Labarthe, Arnaud"]
[Black "Gobeaut, Claudine"]
[Result "1-0"]
[WhiteElo "1952"]
[BlackElo "1565"]
[PlyCount "75"]
[EventDate "2007.07.07"]
[EventType "swiss"]
[EventRounds "9"]
[EventCountry "FRA"]
[SourceTitle "CBM 119 Extra"]
[Source "ChessBase"]
[SourceDate "2007.09.04"]
[SourceVersion "1"]
[SourceVersionDate "2007.09.04"]
[SourceQuality "1"]

1. d4 d5 2. Nc3 e6 3. Nf3 Nf6 4. Bg5 Be7 5. Bxf6 Bxf6 6. e4 0-0 7. e5 Be7 8. Bd3 Nd7 9. h4 f5 10. exf6 Nxf6 11. Ne5 c5 12. dxc5 Bxc5 13. Qe2 Qd6 14. 0-0-0 Bd7 15. f4 Be8 16. g4 d4 17. Ne4 Nxe4 18. Bxe4 Rxf4 19. Rdf1 Bb5 20. Bd3 Bxd3 21. Nxd3 Rxf1+ 22. Rxf1 Bb6 23. Kb1 Rf8 24. Rxf8+ Kxf8 25. Qf3+ Kg8 26. Qxb7 Qf8 27. a3 Qf7 28. Qc8+ Qf8 29. Qxe6+ Qf7 30. Qc8+ Qf8 31. Qxf8+ Kxf8 32. Ka2 Kf7 33. Kb3 Ke6 34. Kc4 Kd6 35. b4 h6 36. h5 a6 37. Nc5 Ke5 38. Nd7+ 1-0

[Event "Le Touquet op-B 19th"]
[Site "Le Touquet"]
[Date "2004.10.28"]
[Round "6"]
[White "Lemoine, Jean Pierre"]
[Black "Gobeaut, Claudine"]
[Result "1-0"]
[WhiteElo "1850"]
[BlackElo "1530"]
[PlyCount "67"]
[EventDate "2004.10.25"]
[EventType "swiss"]
[EventRounds "9"]
[EventCountry "FRA"]
[SourceTitle "EXT 2006"]
[Source "ChessBase"]
[SourceDate "2005.11.24"]
[SourceVersion "1"]
[SourceVersionDate "2005.11.24"]
[SourceQuality "1"]

1. c4 e5 2. g3 Nf6 3. Bg2 Bc5 4. Nc3 c6 5. e3 0-0 6. d4 exd4 7. exd4 Bb4 8. Nge2 d6 9. 0-0 Bf5 10. a3 Bxc3 11. bxc3 Nbd7 12. Qb3 Qb6 13. Qa4 Rfe8 14. Re1 Bd3 15. Ra2 Rxe2 16. Raxe2 Bxe2 17. Rxe2 Qb1 18. Qd1 Rb8 19. Rb2 Qf5 20. Bf4 Nb6 21. Rb4 Qd7 22. a4 c5 23. Rb5 Nxc4 24. dxc5 b6 25. Bf1 Na5 26. cxd6 Ne4 27. Qd3 Nc5 28. Qb1 Nxa4 29. Rxa5 Nxc3 30. Qb3 Rc8 31. Ra1 h6 32. Rc1 Ne2+ 33. Bxe2 Rxc1+ 34. Bxc1 1-0

[Event "Bethune op-B 24th"]
[Site "Bethune"]
[Date "2003.12.30"]
[Round "7"]
[White "Lecluse, Claude"]
[Black "Gobeaut, Claudine"]
[Result "0-1"]
[WhiteElo "1520"]
[BlackElo "1410"]
[PlyCount "92"]
[EventDate "2003.12.26"]
[EventType "swiss"]
[EventRounds "9"]
[EventCountry "FRA"]
[SourceTitle "EXT 2005"]
[Source "ChessBase"]
[SourceDate "2004.11.15"]
[SourceVersion "1"]
[SourceVersionDate "2004.11.15"]
[SourceQuality "1"]

1. d4 d5 2. c4 e6 3. a3 Nf6 4. Bg5 Be7 5. cxd5 exd5 6. Nc3 c6 7. e3 0-0 8. Qc2 Bg4 9. h3 Bh5 10. Nge2 Bg6 11. Qd2 Ne4 12. Nxe4 Bxg5 13. Nxg5 Qxg5 14. Nf4 Re8 15. h4 Qxf4 16. h5 Bf5 17. Be2 Qg5 18. Rh2 h6 19. 0-0-0 Nd7 20. Rdh1 Rac8 21. b4 b6 22. Kb2 c5 23. dxc5 Qf6+ 24. Ka2 bxc5 25. Bb5 cxb4 26. axb4 Red8 27. Rc1 Nb6 28. Rxc8 Nxc8 29. Qd4 Qb6 30. Be2 Ne7 31. Rh1 Nc6 32. Qxb6 axb6 33. Kb3 Be6 34. Rd1 d4+ 35. Bc4 b5 36. Bxe6 fxe6 37. g4 dxe3 38. Rxd8+ Nxd8 39. fxe3 Nf7 40. Kc3 Ne5 41. Kd4 Nxg4 42. Kc5 Nxe3 43. Kxb5 Nd5 44. Kc5 Kf7 45. b5 g5 46. hxg6+ Kxg6 0-1